书目信息 |
| 题名: |
九国抗震设计规范汇编
|
|
| 作者: | ;冶金工业部建筑研究总院工程抗震研究室 编 | |
| 分册: | ||
| 出版信息: | 北京 地震出版社 1982 |
|
| 页数: | 330页 | |
| 开本: | 25cm | |
| 丛书名: | ||
| 单 册: | ||
| 中图分类: | TU352.104-65 | |
| 科图分类: | ||
| 主题词: | 抗震结构--设计规范--世界--汇编 | |
| 电子资源: | ||
| ISBN: | ||
| 000 | 00771nam0 2200229 45 | |
| 001 | 0182011359 | |
| 005 | 20060922084256.20 | |
| 010 | @dCNY2.20 | |
| 091 | @a13180.129 | |
| 100 | @a19950525d1982 em y0chiy0121 ea | |
| 101 | 0 | @achi |
| 102 | @aCN@b110000 | |
| 105 | @ay l 000yy | |
| 200 | 10 | @a九国抗震设计规范汇编@Ajiu guo kang zhen she ji gui fan hui bian@f冶金工业部建筑研究部院工程抗震研究室编 |
| 210 | @a北京@c地震出版社@d1982 | |
| 215 | @a330页@d25cm | |
| 606 | @a抗震结构@x设计规范@y世界@x汇编 | |
| 690 | @aTU352.104-65@v3 | |
| 711 | 02 | @a冶金工业部建筑研究总院工程抗震研究室@Aye jin gong ye bu jian zhu yan jiu zong yuan gong cheng kang zhen yan jiu shi@4编 |
| 801 | 2 | @aCN@bNLC@c20060922 |
| 801 | 0 | @aCN@bTSSF@c20060815 |
| 905 | @a10447@dTU352.104-65@e268 | |
| 九国抗震设计规范汇编/冶金工业部建筑研究部院工程抗震研究室编.-北京:地震出版社,1982 |
| 330页;25cm |
| ISBN :CNY2.20 |
| ● |
| 相关链接 |
|
|
|
|
正题名:九国抗震设计规范汇编
索取号:TU352.104-65/268
 
预约/预借
| 序号 | 登录号 | 条形码 | 馆藏地/架位号 | 状态 | 备注 |
| 1 | 0451617 | 204516176 | 密集书库/ [索取号:TU352.104-65/268] | 在馆 | |
| 2 | 0458442 | 204584422 | 密集书库/ [索取号:TU352.104-65/268] | 在馆 | |
| 3 | 0472512 | 204725128 | 密集书库/ [索取号:TU352.104-65/268] | 在馆 |